| 000 | 01235nam a2200217Ia 4500 | ||
|---|---|---|---|
| 003 | SEM | ||
| 999 |
_c43611 _d43611 |
||
| 005 | 20220608070928.0 | ||
| 008 | 141116s9999 xx 000 0 arm d | ||
| 040 |
_aSEM _cSEM |
||
| 041 |
_aarm. _arus. |
||
| 080 | _a930.27(47.925)/Ղ-52 | ||
| 100 |
_aՂաֆադարյան Կարո _q(Кафадарян Каро) |
||
| 245 |
_aՀայկական գրի սկզբնական տեսակները: _bՀնագրական-բանասիրական ուսումնասիրություն: / _cԿ. Ղաֆադարյան; Պատ. խմբ.` Հ. Հարությունյան; ԽՍՀՄ ԳԱ. ակադեմիա Հայկական ֆիլիալ Պատմության և հնագիտության ինսիտուտ |
||
| 246 |
_aПервоначальные формы армянского письма: _bПалеографичецкое исследование: |
||
| 260 |
_aԵրևան: _bԱրմֆան-ի հրատ., _c1939. |
||
| 300 |
_a95 էջ; _bնկ.; _c21 սմ |
||
| 650 | _aՀայ գիր | ||
| 700 |
_aՀարությունյան Հ. _4resp. edt. _eպատ. խմբ. |
||
| 710 |
_aԽՍՀՄ Գիտությունների Ակադեմիա-Հայկական ֆիլիալ _bՊատմության և հնագիտության ինսիտուտ |
||
| 942 |
_2udc _cBK |
||